| 000 | 01251nam a2200289 i 4500 | ||
|---|---|---|---|
| 001 | 183850 | ||
| 003 | ES-MaACL | ||
| 005 | 20251201163835.0 | ||
| 008 | 141028s2014 sp abcf| |||||||| |dspa d | ||
| 020 | _a978-84-9060-097-9 | ||
| 080 | _a929 Calatrava, José María | ||
| 080 | _a94(460)"1823" | ||
| 100 | 1 |
_aRamírez, Pedro J., _d1952- _995106 |
|
| 245 | 1 | 3 |
_aLa desventura de la libertad _b: José María Calatrava y la caída del régimen constitucional español en 1823 / _cPedro J. Ramírez. |
| 250 | _a2ª ed. | ||
| 260 |
_aMadrid : _bLa Esfera de los Libros, _c2014. |
||
| 300 |
_a1165 p., [40] p. de lám. col. y n., [3] h. de lám. pleg. : _bil., mapas, planos ; _c25 cm. |
||
| 500 | _aÍndice onomástico. | ||
| 504 | _aBibliografía: p. [1005]-1027. | ||
| 600 | 1 | 7 |
_aCalatrava, José María, _d1781-1846 _2 _9153278 |
| 651 | 7 |
_aEspaña- _xHistoria- _y1823, Intervención francesa. _9155795 |
|
| 651 | 7 |
_aEspaña- _xHistoria- _y1820-1823, Trienio constitucional _2 _9145382 |
|
| 852 |
_aES-MaACL _jA-13282 _9190806 _bR.150137 _cDEPO1 _dOlim: N-6282 _gDedicatoria autógrafa del autor _hDonación: Pedro J. Ramírez |
||
| 903 |
_aRamírez, Pedro J., _d1952- _ednr _995106 |
||
| 942 |
_2udc _cMONOGRAFIA |
||
| 999 |
_c183850 _d183850 |
||